书目信息 |
| 题名: |
《道德经》品读
|
|
| 作者: | 周广宇 编著 | |
| 分册: | ||
| 出版信息: | 北京 朝华出版社 2010.01 |
|
| 页数: | 306页 | |
| 开本: | 26cm | |
| 丛书名: | 现代国学精粹讲堂 | |
| 单 册: | ||
| 中图分类: | B223.1 | |
| 科图分类: | ||
| 主题词: | 道家--dao jia | |
| 电子资源: | ||
| ISBN: | 978-7-5054-2268-1 | |
| 000 | 01032nam 2200265 450 | |
| 001 | 012010551422 | |
| 005 | 20100726142532.92 | |
| 010 | @a978-7-5054-2268-1@dCNY39.80 | |
| 100 | @a20100726d2010 em y0chiy0120 ea | |
| 101 | 0 | @achi |
| 102 | @aCN@b110000 | |
| 105 | @aa z 000yy | |
| 106 | @ar | |
| 200 | 1 | @a《道德经》品读@A《dao de jing》pin du@f周广宇编著@Fzhou guang yu bian zhu |
| 210 | @a北京@c朝华出版社@d2010.01 | |
| 215 | @a306页@c图@d26cm | |
| 225 | 2 | @a现代国学精粹讲堂@Axian dai guo xue jing cui jiang tang@i国学精粹系列 |
| 330 | @a《道德经》区区五千余字却是字字珠玑,句句精辟,行行锦绣。它博大精深,包藏宇宙,几千年来流传于世,给人以无穷的启发和教诲。读《道德经》可以净化我们的灵魂,提高我们的修养,开启我们的智慧,有助于我们处理好与自然、与社会的关系。 | |
| 410 | 0 | @12001 @a现代国学精粹讲堂@i国学精粹系列 |
| 605 | @a老子@Alao zi@j通俗读物 | |
| 606 | 0 | @a道家@Adao jia |
| 690 | @aB223.1@v4 | |
| 701 | 0 | @a周广宇@Azhou guang yu@4编著 |
| 801 | 0 | @aCN@bQSSK@c20100726 |
| 905 | @b785646-48@dB223.1@eZ768@f3 | |
| 《道德经》品读/周广宇编著.-北京:朝华出版社,2010.01 |
| 306页:图;26cm.-(现代国学精粹讲堂.国学精粹系列) |
| ISBN 978-7-5054-2268-1:CNY39.80 |
| 《道德经》区区五千余字却是字字珠玑,句句精辟,行行锦绣。它博大精深,包藏宇宙,几千年来流传于世,给人以无穷的启发和教诲。读《道德经》可以净化我们的灵魂,提高我们的修养,开启我们的智慧,有助于我们处理好与自然、与社会的关系。 |
| ● |
| 相关链接 |
|
|
|
正题名:《道德经》品读
索取号:B223.1/Z768
 
预约/预借
| 序号 | 登录号 | 条形码 | 馆藏地/架位号 | 状态 | 备注 |
| 1 | 785646 | 207856462 | 社科库509/509社科库 12排2列4层/ [索取号:B223.1/Z768] | 在馆 | |
| 2 | 785647 | 207856471 | 社科库509/ [索取号:B223.1/Z768] | 在馆 | |
| 3 | 785648 | 207856480 | 社科库509/509社科库 12排2列4层/ [索取号:B223.1/Z768] | 在馆 |